Fortune
Guardado en:
| Formato: | Seriadas |
|---|---|
| Lenguaje: | inglés |
| Publicado: |
Chicago
Time
1979
|
| Etiquetas: |
Sin Etiquetas, Sea el primero en etiquetar este registro!
|
MARC
| LEADER | 00000nas2a2200000 4500 | ||
|---|---|---|---|
| 001 | s030442 | ||
| 005 | 20250730114140.5 | ||
| 041 | 0 | |a eng | |
| 044 | |a US | ||
| 245 | 1 | 0 | |a Fortune |
| 264 | 1 | |a Chicago |b Time |c 1979 | |
| 773 | 0 | |w eu_un_cat*s120711 | |